Responses for Show #8469 - Thursday, September 16, 2021

Matt Amodio game 22.

Contestants

[<< previous game]

Keisha Virtue, a senior retail research analyst from Boca Raton, Florida

Emily Sharp-Kellar, a medical school director of admissions from Chicago, Illinois

Matt Amodio, a Ph.D. student from New Haven, Connecticut (whose 21-day cash winnings total $740,001)

[next game >>]

Jeopardy! Round responses

DURING THE WILLIAM HENRY HARRISON ADMINISTRATION
RIGHT HERE IN RIVER CITY
MOTORCYCLES
"C" FLAT
MORE THAN ONE MEANING
MUHAMMAD ALI
(Hana Ali: I'm Hana Ali with clues about my father whose life is profiled in the new Ken Burns documentary Muhammad Ali.)
    $200 30
steamship

Emily
    $200 22
Amstel

Matt
    $200 29
handlebars

Keisha
    $200 8
cracker

Matt
    $200 19
crane

Matt
    $200 28
(Mike: And our thanks to Hana Ali for those clues and you can watch the new docuseries Muhammad Ali starting this Sunday on PBS.)

Islam

Emily
    $400 16
photography

Matt
    $400 17
Hamburg

Matt
    $400 25
Harley-Davidson

Matt
    $400 11
canvas

Emily
    $400 18
rose

Keisha
    $400 27
(Matt: What's Foreman?)

Joe Frazier

Matt
Triple Stumper
    $600 13
filibuster

Matt
    $600 14
(Emily: What is Kansas?)
(Matt: What's Oklahoma?)

Texas

MattEmilyKeisha
    $600 21
(Steve) McQueen

Emily
    $600 10
a chessboard

Keisha
    $600 12
feed

Matt
    $600 26
float like a butterfly and sting like a bee

Keisha
    $800 7
the Amistad

Keisha
    $800 9
Pittsburgh

Emily
    $5,400 20
(Matt: What's...)
[Time's up]
(Matt: Handle.)

a kick starter

Matt
    $800 4
cymbal

Matt
    $800 6
pin

Matt
    $800 24
(Matt: What's Robinson?)

Leon Spinks

Matt
Triple Stumper
    $1000 1
pneumonia

Matt
    $1000 2
(Keisha: What is the Mekong?)

Yangon

MattKeisha
    $1000 15
cubic centimeters

Matt
    $1000 3
(Matt: What's crochet?)

cross-stitch

MattEmily
    $1000 5
mint

Emily
    $1000 23
conscientious objector

Emily

Scores at the first commercial break (after clue 15):

Matt Emily Keisha
$4,400 $2,600 $1,000

Scores at the end of the Jeopardy! Round:

Matt Emily Keisha
-$600 $4,600 $2,200

Double Jeopardy! Round responses

LET'S VISIT CENTRAL EUROPE
A LOOK AT BOOKS
SCIENCE & MEDICINE
THE FIRST NAME THEIR MOM CHOSE
PRIME NUMBERS
SLOW TALK
    $400 22
Budapest

Matt
    $400 23
Manson

Matt
    $400 24
lighthouses

Emily
    $400 29
Alfred

Triple Stumper
    $400 28
prime minister

Emily
    $400 27
(Matt: What's... December?)
(Keisha: What is November?)

January

MattKeisha
Triple Stumper
    $10,600 12
(the) Black Forest

Matt
    $800 9
Jude

Emily
    $800 13
nitrous oxide

Matt
    $800 25
Veronica

Emily
    $800 26
Rush

Matt
    $800 16
poke

Triple Stumper
    $1200 11
Solidarity

Matt
    $1200 8
Richard Parker

Keisha
    $1200 7
bullet

Matt
    $1200 10
Elizabeth

Matt
    $1200 19
(Neil) Young

Matt
    $1200 15
idling

Keisha
    $1600 5
Zurich

Matt
    $1600 4
The Great Gatsby

Keisha
    $1600 6
the condensation point (dew point)

Emily
    $2,000 21
Christopher

Matt
    $1600 18
"Prime Suspect"

Emily
    $1600 14
ponderous

Emily
    $2000 2
Bratislava

Matt
    $2000 1
(David Foster) Wallace

Matt
    $2000 3
Parkinson's

Matt
    $2000 30
Alexandra

Triple Stumper
    $2000 20
(The) Black Keys

Matt
    $2000 17
inert

Matt

Scores at the end of the Double Jeopardy! Round:

Matt Emily Keisha
$30,400 $11,800 $5,800
(lock game)

[wagering suggestions for these scores]

Final Jeopardy! Round responses

THE 21st CENTURY
(Mike: [*]'s blog led to the Taliban's attempt on her life in 2012; she survived and then won the Nobel Peace Prize.)
KeishaWho is Malala?
$5,700
EmilyWho is Malala?
$0
MattWho is Malala?
$5,000
Malala (Yousafzai)

Final scores:

Matt Emily Keisha
$35,400 $11,800 $11,500
22-day champion: $775,401 2nd place: $2,000 3rd place: $1,000

Game dynamics:

Coryat scores:

Matt Emily Keisha
$25,600 $11,800 $5,800
29 R
(including 2 DDs),
6 W
(including 1 DD)
15 R,
1 W
9 R,
2 W

Combined Coryat: $43,200

[game clues] [game scores] [suggest correction]

Game tape date: 2021-08-19
The J! Archive is created by fans, for fans. Scraping, republication, monetization, and malicious use prohibited; this site may use cookies and collect identifying information. See terms. The Jeopardy! game show and all elements thereof, including but not limited to copyright and trademark thereto, are the property of Jeopardy Productions, Inc. and are protected under law. This website is not affiliated with, sponsored by, or operated by Jeopardy Productions, Inc. Join the discussion at JBoard.tv.